Central Library OPAC University of Rajshahi

Ergodic problems of classical mechanics / (Record no. 9849)

MARC details
000 -LEADER
fixed length control field 01016cam a22003011 4500
001 - CONTROL NUMBER
control field 9849
003 - CONTROL NUMBER IDENTIFIER
rucl marc code BD-RjUL
005 - DATE AND TIME OF LATEST TRANSACTION
control field 20211208234841.0
008 - FIXED-LENGTH DATA ELEMENTS--GENERAL INFORMATION
fixed length control field 140122s1968 nyua b 000 0 eng
035 ## - SYSTEM CONTROL NUMBER
System control number (BD-RjUL)9894
040 ## - CATALOGING SOURCE
Original cataloging agency DLC
Transcribing agency DLC
Modifying agency DLC
-- BD-RjUL
Language of cataloging eng
041 1# - LANGUAGE CODE
Language code of text/sound track or separate title eng
Language code of original fre
082 00 - DEWEY DECIMAL CLASSIFICATION NUMBER
Classification number 531
Edition number 18
Author mark and year ARE 1968
100 1# - MAIN ENTRY--PERSONAL NAME
Personal name Arnolʹd, V. I.
Fuller form of name (Vladimir Igorevich),
Dates associated with a name 1937-2010.
9 (RLIN) 30439
245 10 - TITLE STATEMENT
Title Ergodic problems of classical mechanics /
Statement of responsibility, etc. V. I. Arnold and A. Avez.
260 ## - PUBLICATION, DISTRIBUTION, ETC. (IMPRINT)
Place of publication, distribution, etc. New York :
Name of publisher, distributor, etc. Benjamin,
Date of publication, distribution, etc. c1968.
300 ## - PHYSICAL DESCRIPTION
Pagination ix, 286 p. :
Illustrations illus. ;
Size 24 cm.
490 0# - SERIES STATEMENT
Series statement The Mathematical physics monograph series
500 ## - GENERAL NOTE
General note Translation of Problèmes ergodiques de la mécanique classique.
504 ## - BIBLIOGRAPHY, ETC. NOTE
Bibliography, etc Bibliography: p. 271-281.
650 #0 - SUBJECT ADDED ENTRY--TOPICAL TERM
Topical term or geographic name as entry element Dynamics.
9 (RLIN) 30440
Topical term or geographic name as entry element Ergodic theory.
9 (RLIN) 25386
700 1# - ADDED ENTRY--PERSONAL NAME
Personal name Avez, A.
Fuller form of name (André),
Relator term joint author.
942 ## - ADDED ENTRY ELEMENTS (KOHA)
Source of classification or shelving scheme Dewey Decimal Classification
Koha item type Books
Holdings
Lost status Source of classification or shelving scheme Damaged status Not for loan Permanent Location Current Location Shelving location Date acquired Source of acquisition Cost, normal purchase price Total Checkouts Full call number Date last seen Copy number Koha item type
  Dewey Decimal Classification   Not For Loan Central Library, University of Rajshahi Central Library, University of Rajshahi Reading Room 16/10/1969 Zeitlinger 140.00   531 ARE 1968 22/01/2014 C-1 Books